3 Biggest Cities in each Region of Guinea-Bissau - Statistics

General Stats
  • This quiz has been taken 8 times
  • The average score is 13 of 25
Answer Stats
Region + Rank Population City % Correct
Bafatá 1 41,179 Bafatá
100%
Bissau 1 582,514 Bissau
100%
Bolama 2 5,067 Bolama
86%
Gabú 1 89,418 Gabú
86%
Oio 1 21,510 Bissorã
57%
Quinara 1 8,104 Buba
57%
Bolama 1 7,916 Bubaque
57%
Cacheu 1 35,439 Canchungo
57%
Tombali 1 10,995 Catió
57%
Oio 2 16,296 Farim
57%
Oio 3 9,335 Mansôa
57%
Bafatá 2 11,460 Bambadinca
43%
Cacheu 2 15,522 Bula
43%
Bafatá 3 5,508 Contuboel
43%
Bolama 3 1,050 Eticoga
43%
Cacheu 3 13,063 Ingoré
43%
Biombo 2 12,150 Ondame
43%
Gabú 2 5,882 Piche
43%
Gabú 3 3,623 Pirada
43%
Tombali 2 7,216 Quebo
43%
Biombo 3 8,521 Quinhámel
43%
Biombo 1 19,035 Safim
43%
Quinara 3 1,303 Tite
43%
Tombali 3 1,770 Caboxanque
29%
Quinara 2 2,811 Empada
29%
No matching quizzes found
Score Distribution
Percent of People with Each Score
Percentile by Number Answered
Your Score History
You have not taken this quiz